| 000 | 00000nam##2200000za#4500 |
| 001 | 9.625786 |
| 003 | CaOODSP |
| 005 | 20200421163419 |
| 007 | ta |
| 008 | 150406|2001||||xxc||||| f|0| 0 fre|d |
| 040 | |aCaOODSP|bfre |
| 043 | |an-cn--- |
| 086 | 1 |aNH18-22/100-109F |
| 110 | 2 |aSociété canadienne d'hypothèques et de logement. |
| 245 | 10|aRésumé à l'intention du consortium sur la résistance au feu et l'insonorisation des planchers : |brésultats des essais sur les indices de transmission du son (ITS) et d'isolement aux bruit d'impact (IIC) |
| 260 | |aOttawa - Ontario : |bSociété canadienne d'hypothèques et de logement |c2001. |
| 300 | |a23p. : |bfigures, tableaux ; |c28 cm. |
| 490 | 1 |aLe point en recherche. Série technique|v00-109 |
| 563 | |aDépliant |
| 590 | |a01-37|b2001-09-14 |
| 691 | 07|aIsolation thermique|2gcpds |
| 691 | 07|aLogement|2gcpds |
| 775 | 08|tSummary report for consortium on fire resistance and sound insulation of floors : |w(CaOODSP)9.615762 |
| 830 | #0|aLe point en recherche. Série technique ;|v00-109|w(CaOODSP)9.513179 |
| 986 | |aLNH 61170 |